AI Technologies in Europe's Business Environment: A Sector-Based Group Analysis
Integrácia umelej inteligencie naprieč rôznymi sektormi sa ukázala ako kritická hnacia sila ekonomického a technologického pokroku v Európe, ktorá pretvára priemyselné odvetvia zvýšením produktivity, rozhodovania a inovácií. Cieľom tejto štúdie je analyzovať a zoskupiť európske krajiny na základe ic...
Salvato in:
| Autore principale: | |
|---|---|
| Natura: | Capitolo di libro |
| Lingua: | inglese |
| Soggetti: | |
| Tags: |
Nessun Tag, puoi essere il primo ad aggiungerne!!
|
MARC
| LEADER | 00000naa$a2200000$$$4500 | ||
|---|---|---|---|
| 001 | 0305070 | ||
| 005 | 20241114090131.0 | ||
| 041 | 0 | |a eng | |
| 044 | |a SK | ||
| 245 | 1 | 0 | |a AI Technologies in Europe's Business Environment: A Sector-Based Group Analysis |c Vladimír Hojdik |
| 520 | |a Integrácia umelej inteligencie naprieč rôznymi sektormi sa ukázala ako kritická hnacia sila ekonomického a technologického pokroku v Európe, ktorá pretvára priemyselné odvetvia zvýšením produktivity, rozhodovania a inovácií. Cieľom tejto štúdie je analyzovať a zoskupiť európske krajiny na základe ich prijatia AI v kľúčových sektoroch vrátane stavebníctva, veľkoobchodu a maloobchodu, dopravy a skladovania, ubytovania a stravovania, informácií a komunikácie a profesionálnych, vedeckých a technických činností. Zameraním sa na firmy s viac ako 10 zamestnancami poskytuje výskum komplexný a pôsobivý prehľad trendov osvojovania si AI. Použité metódy zahŕňajú hierarchické klastrovanie a klastrovanie K-means podporované analýzou hlavných komponentov (PCA) na vizualizáciu. | ||
| 610 | 2 | 0 | |a ekonomika |
| 610 | 2 | 0 | |a produktivita |
| 610 | 2 | 0 | |a technológie nové |
| 610 | 2 | 0 | |a podnikanie |
| 610 | 2 | 0 | |a pokrok |
| 100 | 1 | |a Hojdik, Vladimír, 1992- | |